000 00378nam a22001457a 4500
003 SGT
082 _a617.84
_bE23K
100 _aKUMAR, VARUN
245 _aEFFECT OF FARTLEK TRAINING VS CIRCUIT TRAINING ON PHYSICAL FITNESS PARAMETERS OF CRICKET PLAYERS
260 _aGURUGRAM
_bSGT UNIVERSITY
_c2023
300 _a84
650 _aSPORTS
653 _aMPT
942 _2ddc
_cTH
999 _c32194
_d32194